000 00543nam a2200193Ia 4500
003 OSt
005 20221007083117.0
006 a|||||r|||| 00| 0
007 ta
008 221006b |||||||| |||| 00| 0 eng d
024 _a23,394
037 _cDissertations
040 _aFLL
_cFLL
_beng
041 _2eng
_aeng
100 _aSalwan Sham Ji
_9566579
245 0 _aInternational bank for reconstruction & development (a changing concept in development banking)
942 _cDIS
_2CC
999 _c1168837
_d1168837